Devinez l'État Américain Mystère #39 - Statistiques

Statistiques générales
  • Ce quiz a été pris 152 fois
  • Le résultat moyen est 30 sur 31
Statistiques - réponses
Type de Réponse Réponse % Correct
Lettre de l'Alphabet A
100%
Lettre Trouvée I
99%
Lettre Trouvée O
99%
Lettre de l'Alphabet W
99%
Lettre Trouvée H
98%
Lettre de l'Alphabet T
98%
Lettre de l'Alphabet D
97%
Lettre de l'Alphabet U
97%
Lettre de l'Alphabet C
96%
Lettre de l'Alphabet E
96%
Lettre de l'Alphabet F
96%
Lettre de l'Alphabet K
96%
Lettre de l'Alphabet L
96%
Lettre de l'Alphabet N
96%
Lettre de l'Alphabet R
96%
Lettre de l'Alphabet Y
96%
Lettre de l'Alphabet G
95%
Lettre de l'Alphabet S
95%
Lettre de l'Alphabet X
95%
Lettre de l'Alphabet M
94%
Lettre de l'Alphabet V
94%
Lettre de l'Alphabet Z
94%
Lettre de l'Alphabet B
93%
Lettre Bien Placée H
93%
Lettre Bien Placée I
93%
Lettre de l'Alphabet J
93%
Lettre Bien Placée O
93%
Lettre Bien Placée O
93%
État Mystère Ohio
93%
Lettre de l'Alphabet P
93%
Lettre de l'Alphabet Q
93%
Aucun quiz correspondant
Distribution des résultats
% des personnes avec chaque résultat
Percentile par nombre de réponses
Votre historique - résultats
Vous n’avez pas pris ce quiz